[Event "Goch op 17th"]
[Site "Goch"]
[Date "2006.10.14"]
[Round "4"]
[White "Kraemer, Robinson"]
[Black "Gaul, Alexander"]
[Result "1-0"]
[WhiteElo "1765"]
[BlackElo "1492"]
[PlyCount "87"]
[EventDate "2006.10.12"]
[EventType "swiss"]
[EventRounds "7"]
[EventCountry "GER"]
[SourceTitle "EXT 2008"]
[Source "ChessBase"]
[SourceDate "2007.11.25"]
[SourceVersion "1"]
[SourceVersionDate "2007.11.25"]
[SourceQuality "1"]

1. e4 e5 2. Nf3 Nc6 3. Bb5 d6 4. 0-0 Bg4 5. h3 Bd7 6. d3 h6 7. Nc3 Nf6 8. Be3 a6 9. Ba4 b5 10. Bb3 g5 11. Bxg5 Rg8 12. Bxf6 Qxf6 13. Kh2 Ne7 14. Ng1 c6 15. Qf3 Qxf3 16. Nxf3 Ng6 17. g3 Rg7 18. Ne1 Be7 19. f4 exf4 20. gxf4 0-0-0 21. f5 Bh4 22. fxg6 Rxg6 23. Ne2 d5 24. Nf3 Be7 25. e5 c5 26. c3 c4 27. Bc2 Rg7 28. d4 f6 29. Rg1 Rdg8 30. Rxg7 Rxg7 31. Rg1 Rxg1 32. Nexg1 Kd8 33. Kg3 fxe5 34. dxe5 Bc5 35. Nd4 Ke7 36. Kf4 Bxd4 37. cxd4 a5 38. h4 b4 39. Ne2 Bb5 40. Ng3 a4 41. Nf5+ Ke6 42. Nd6 b3 43. axb3 cxb3 44. Bf5+ 1-0